000
00335nam a2200145Ia 4500
999
_c
5821
_d
5821
003
OSt
008
191201s2013 xx 000 0 und d
100
_a
GAMBHIR,ML
245
0
_a
Building Materials Production and System
250
_a
Rep
260
_a
N. delhi
_b
TMH
_c
2013
300
_a
633
650
_a
B.Tech(CE)
942
_2
ddc
_c
BK